[Event "XXXI Memorial Edoardo Crespi A"]
[Site "Milano ITA"]
[Date "2010.12.06"]
[Round "3"]
[White "Bonazzi, Edoardo"]
[Black "Radice, Luca"]
[WhiteElo "2164"]
[BlackElo "2001"]
[Result "1/2-1/2"]
[PlyCount "44"]
[EventDate "2010.12.04"]

1. c4 e5 2. g3 Nc6 3. Nc3 f5 4. Bg2 Nf6 5. d3 g6 6. Nf3 d6 7. O-O Bg7 8. Rb1
O-O 9. b4 h6 10. b5 Ne7 11. Qc2 Be6 12. a4 g5 13. Nd2 Rb8 14. Ba3 b6 15. a5 f4
16. Rfc1 Qd7 17. axb6 axb6 18. Bb2 Bh3 19. Bh1 Ng4 20. Nce4 Nf5 21. Nf3 Nd4 22.
Bxd4 exd4 1/2-1/2

[Event "XXXI Memorial Edoardo Crespi A"]
[Site "Milano ITA"]
[Date "2010.12.06"]
[Round "3"]
[White "Borgo, Giulio"]
[Black "Drazic, Sinisa"]
[WhiteElo "2414"]
[BlackElo "2524"]
[Result "0-1"]
[PlyCount "104"]
[EventDate "2010.12.04"]

1. e4 c5 2. Nf3 h6 3. c4 d6 4. d4 g5 5. Be3 Bg7 6. Nc3 Nd7 7. h3 a6 8. Qd2 e6
9. O-O-O Qa5 10. Kb1 Ne7 11. Be2 Ng6 12. h4 g4 13. Ne1 h5 14. f4 gxf3 15. gxf3
b5 16. e5 cxd4 17. Ne4 Qxd2 18. Nxd6+ Ke7 19. Bxd2 Bxe5 20. Nxc8+ Rhxc8 21.
cxb5 axb5 22. Bxb5 Nb6 23. Bb4+ Kf6 24. Nd3 Nd5 25. Nxe5 Kxe5 26. Rhe1+ Ne3 27.
a4 Nxh4 28. Bd6+ Kf6 29. Rxd4 Nhf5 30. Rd3 Nxd6 31. Rxd6 Nf5 32. Rd2 h4 33. Rh2
Rg8 34. Bc6 Ra6 35. Bb5 Rd6 36. Rc1 Rg3 37. Bc6 Nd4 38. Be4 Kg5 39. Rch1 f5 40.
Bb7 Rb6 41. f4+ Kf6 42. Rd1 Nb3 43. Bc8 h3 44. Rdh1 Nc5 45. Rxh3 Rxh3 46. Rxh3
Nxa4 47. b3 Nc5 48. Kc2 Ke7 49. Re3 Kd6 50. Re5 Rc6 51. Bxe6 Nxe6+ 52. Kd3
Nxf4+ 0-1

[Event "XXXI Memorial Edoardo Crespi A"]
[Site "Milano ITA"]
[Date "2010.12.06"]
[Round "3"]
[White "Brunello, Roberta"]
[Black "Lapiccirella, Mattia"]
[WhiteElo "2063"]
[BlackElo "2212"]
[Result "0-1"]
[PlyCount "94"]
[EventDate "2010.12.04"]

1. e4 c5 2. c3 d5 3. exd5 Qxd5 4. d4 Nf6 5. Nf3 Bg4 6. Be2 e6 7. O-O Nc6 8. Be3
cxd4 9. cxd4 Be7 10. Nc3 Qd6 11. h3 Bh5 12. Qb3 O-O 13. Rfd1 Rfd8 14. a3 Nd5
15. Rac1 Rac8 16. Qxb7 Rb8 17. Qa6 Nxe3 18. fxe3 Bxf3 19. Bxf3 Nxd4 20. Qxd6
Nxf3+ 21. gxf3 Rxd6 22. Ne4 Rxd1+ 23. Rxd1 Rxb2 24. Rd7 Kf8 25. Rxa7 f5 26. Ng3
Bc5 27. Ra8+ Kf7 28. a4 Bxe3+ 29. Kh1 g6 30. a5 Ra2 31. h4 Bf2 32. Nf1 Bxh4 33.
Ne3 Bf2 34. Nc4 Bd4 35. a6 g5 36. Nd6+ Kg7 37. Nb5 e5 38. a7 h5 39. Rb8 Bxa7
40. Rb7+ Kf6 41. Nxa7 g4 42. fxg4 hxg4 43. Nc8 f4 44. Nd6 g3 45. Rb8 Ke6 46.
Ne4 Kf5 47. Nd6+ Kg4 0-1

[Event "XXXI Memorial Edoardo Crespi A"]
[Site "Milano ITA"]
[Date "2010.12.06"]
[Round "3"]
[White "Burlando, Alessandro"]
[Black "David, Alberto"]
[WhiteElo "2132"]
[BlackElo "2587"]
[Result "0-1"]
[PlyCount "90"]
[EventDate "2010.12.04"]

1. d4 Nf6 2. c4 e6 3. Nf3 d5 4. Nc3 Bb4 5. cxd5 exd5 6. Bg5 Nbd7 7. e3 c5 8.
Bxf6 Nxf6 9. Bb5+ Kf8 10. Bd3 Qa5 11. Qd2 Ne4 12. Bxe4 dxe4 13. Ng5 cxd4 14.
exd4 Bf5 15. O-O h6 16. Nh3 Bxh3 17. gxh3 Qf5 18. Qe3 Re8 19. Kh1 Bd6 20. f4
exf3 21. Qxf3 Qxf3+ 22. Rxf3 g6 23. Rf6 Be7 24. Rf3 Kg7 25. d5 a6 26. Raf1 Rhf8
27. Re1 Bc5 28. Rd1 Bd6 29. Rfd3 Re5 30. Kg2 Rfe8 31. Rd4 R8e7 32. R4d3 Kf8 33.
Rd4 Ke8 34. Rc4 Kd7 35. a3 Re3 36. Rdd4 f5 37. Rd1 Kd8 38. Rd2 R7e5 39. Rdd4
Re1 40. Rd2 Rc1 41. Rh4 Bc5 42. Rxh6 Rg1+ 43. Kf3 Re3+ 44. Kf4 Rf1+ 45. Kg5
Rxc3 0-1

[Event "XXXI Memorial Edoardo Crespi A"]
[Site "Milano ITA"]
[Date "2010.12.06"]
[Round "3"]
[White "Cani, Gazmir"]
[Black "Pace, Pietro Dario"]
[WhiteElo "2113"]
[BlackElo "2316"]
[Result "0-1"]
[PlyCount "66"]
[EventDate "2010.12.04"]

1. d4 c5 2. d5 e5 3. g3 d6 4. Bg2 g6 5. c4 Bg7 6. Nc3 Ne7 7. Nf3 a6 8. O-O O-O
9. e4 h6 10. Ne1 Nd7 11. Nd3 b5 12. cxb5 axb5 13. Nxb5 c4 14. Nb4 Qa5 15. Nc6
Nxc6 16. dxc6 Qxb5 17. cxd7 Bxd7 18. f4 exf4 19. gxf4 c3 20. bxc3 Qc5+ 21. Kh1
Qxc3 22. Rb1 Rxa2 23. Rb3 Qc4 24. Qf3 Bc6 25. Rb6 Rxg2 26. Rxc6 Rxh2+ 27. Kxh2
Qxc6 28. f5 Qc2+ 29. Kh3 Rb8 30. fxg6 fxg6 31. Bf4 Rb3 32. Be3 Qc8+ 33. Kg2 Qe6
0-1

[Event "XXXI Memorial Edoardo Crespi A"]
[Site "Milano ITA"]
[Date "2010.12.06"]
[Round "3"]
[White "Codenotti, Marco"]
[Black "Battistella, Stefano"]
[WhiteElo "2228"]
[BlackElo "2069"]
[Result "1/2-1/2"]
[PlyCount "82"]
[EventDate "2010.12.04"]

1. e4 c5 2. Nf3 e6 3. d4 cxd4 4. Nxd4 Nf6 5. Nc3 d6 6. g4 Nc6 7. g5 Nd7 8. Be3
a6 9. Qh5 g6 10. Qe2 Bg7 11. O-O-O Nxd4 12. Bxd4 Qxg5+ 13. Kb1 Be5 14. h4 Qf6
15. Bxe5 dxe5 16. h5 g5 17. h6 Rg8 18. Rd6 Qf4 19. Qd1 Ke7 20. Rh3 Qxf2 21.
Rhd3 Nc5 22. Rd2 Qe3 23. Bg2 b5 24. Re2 Qf4 25. Rc6 Rd8 26. Qg1 Nd7 27. Rf2 Qg3
28. Qf1 Rf8 29. Rf3 Qh4 30. Qd1 Rd8 31. a3 Nb8 32. Rc7+ Rd7 33. Rxd7+ Bxd7 34.
Qg1 Nc6 35. Qc5+ Ke8 36. Qd6 g4 37. Rd3 Qe7 38. Qc7 Qd8 39. Qd6 Qe7 40. Qc7 Qd8
41. Qd6 Qe7 1/2-1/2

[Event "XXXI Memorial Edoardo Crespi A"]
[Site "Milano ITA"]
[Date "2010.12.06"]
[Round "3"]
[White "Facchetti, Gianni"]
[Black "Barberi, Alessandro"]
[WhiteElo "2154"]
[BlackElo "2077"]
[Result "1/2-1/2"]
[PlyCount "145"]
[EventDate "2010.12.04"]

1. e4 c5 2. Nf3 d6 3. d4 cxd4 4. Qxd4 Nc6 5. Bb5 Bd7 6. Bxc6 Bxc6 7. c4 Nf6 8.
Nc3 g6 9. O-O Bg7 10. Qd3 O-O 11. Nd4 Rc8 12. h3 b6 13. Bg5 Nd7 14. Rad1 Nc5
15. Qe3 Ne6 16. Nxe6 fxe6 17. Rd3 Qc7 18. b3 a6 19. Rfd1 Qb7 20. f3 b5 21. cxb5
axb5 22. Ne2 Qd7 23. b4 Ra8 24. Nd4 Bb7 25. a3 Rfc8 26. Rc3 Rc4 27. Rxc4 bxc4
28. Rc1 e5 29. Ne2 Rc8 30. Nc3 e6 31. Rd1 d5 32. exd5 exd5 33. Nxd5 Bxd5 34.
Qd2 h6 35. Be3 Rd8 36. Bb6 c3 37. Qxc3 Rb8 38. Qc5 Qc6 39. Bc7 Rc8 40. Rxd5
Rxc7 41. Qxc6 Rxc6 42. b5 Rc1+ 43. Kf2 Bf8 44. a4 Ra1 45. b6 Rxa4 46. b7 Rb4
47. Rd7 Bc5+ 48. Ke2 Ba7 49. Kf1 h5 50. g3 Kf8 51. h4 Ke8 52. Rg7 Rb6 53. Kg2
Kd8 54. Kh3 Bb8 55. Rg8+ Kc7 56. Rg7+ Kc6 57. Rxg6+ Kxb7 58. Rxb6+ Kxb6 59. g4
hxg4+ 60. Kxg4 Kc5 61. h5 Bd6 62. Kf5 Kd4 63. h6 Bf8 64. h7 Bg7 65. f4 e4 66.
Kg6 Bh8 67. f5 e3 68. f6 e2 69. f7 e1=Q 70. f8=Q Qg3+ 71. Kf7 Qb3+ 72. Kg6 Qd3+
73. Kg5 1/2-1/2

[Event "XXXI Memorial Edoardo Crespi A"]
[Site "Milano ITA"]
[Date "2010.12.06"]
[Round "3"]
[White "Formento, Paolo"]
[Black "Pechy, Alaster"]
[WhiteElo "1976"]
[BlackElo "2187"]
[Result "0-1"]
[PlyCount "71"]
[EventDate "2010.12.04"]

1. e4 c5 2. Nf3 d6 3. Bb5+ Bd7 4. Bxd7+ Nxd7 5. O-O Ngf6 6. Qe2 e6 7. Rd1 Be7
8. d4 cxd4 9. Nxd4 O-O 10. c4 a6 11. Nc3 Qc7 12. Nc2 Rfc8 13. Ne3 Ne5 14. b3 b5
15. f4 Ned7 16. Qf3 Nb6 17. a4 bxc4 18. a5 cxb3 19. axb6 Qxc3 20. b7 Qxa1 21.
bxa8=Q Rxa8 22. e5 Rb8 23. exf6 Bxf6 24. Nc4 d5 25. Bb2 Qa2 26. Bxf6 gxf6 27.
Nd2 Qc2 28. Nb1 b2 29. Kf1 Rb4 30. h4 Rxf4 31. Qxf4 Qxd1+ 32. Kf2 Qxb1 33. Qg3+
Kf8 34. Qa3+ Kg7 35. h5 Qc2+ 36. Kg3 0-1

[Event "XXXI Memorial Edoardo Crespi A"]
[Site "Milano ITA"]
[Date "2010.12.06"]
[Round "3"]
[White "Gagliardi, Christian"]
[Black "Quaranta, Cristiano"]
[WhiteElo "2188"]
[BlackElo "2131"]
[Result "1-0"]
[PlyCount "133"]
[EventDate "2010.12.04"]

1. e4 e6 2. d4 d5 3. Nc3 dxe4 4. Nxe4 Nd7 5. Bd3 Ngf6 6. Qe2 Nxe4 7. Bxe4 Nf6
8. Bxb7 Rb8 9. Bc6+ Bd7 10. Bxd7+ Qxd7 11. Nf3 Be7 12. O-O O-O 13. c4 Rfd8 14.
Bf4 Rb7 15. Rfd1 Rdb8 16. Rab1 Qa4 17. b3 Qe8 18. Ne5 a5 19. Qf3 Rb6 20. d5
exd5 21. cxd5 Bd6 22. Nc4 Ra6 23. a4 Qe4 24. Qxe4 Nxe4 25. Bd2 Bc5 26. Be1 Bb4
27. f3 Nd6 28. Bg3 Kf8 29. Kf1 f6 30. Ke2 Ke7 31. Kd3 Kd7 32. Bxd6 cxd6 33.
Rdc1 Ra7 34. Rc2 Ke7 35. Re2+ Kf7 36. Re6 Rd7 37. Rc1 Rbb7 38. Rc2 Rb8 39. Rce2
Kf8 40. f4 Kf7 41. f5 Kf8 42. g4 Kf7 43. h4 h6 44. R2e4 Kf8 45. Kc2 Kf7 46. h5
Rc8 47. Re3 Kf8 48. Rd3 Kf7 49. Re4 Kf8 50. Kb2 Rb8 51. Ne3 Rc7 52. Nc4 Rd7 53.
Rd1 Kf7 54. Rc1 Rdb7 55. Ka2 Kf8 56. Rc2 Kf7 57. Re6 Rd7 58. Nb2 Bc5 59. Nd3
Bd4 60. Re4 Bg1 61. Nf4 Rdb7 62. Rc3 Bh2 63. Ne6 Kg8 64. Rec4 Be5 65. Rc8+ Kh7
66. Rxb8 Rxb8 67. Rc7 1-0

[Event "XXXI Memorial Edoardo Crespi A"]
[Site "Milano ITA"]
[Date "2010.12.06"]
[Round "3"]
[White "Garano, Nicola"]
[Black "Valenti, Giuseppe"]
[WhiteElo "2171"]
[BlackElo "2122"]
[Result "1-0"]
[PlyCount "87"]
[EventDate "2010.12.04"]

1. e4 d6 2. d4 Nf6 3. Nc3 e5 4. Nge2 c6 5. dxe5 dxe5 6. Qxd8+ Kxd8 7. Bg5 Nbd7
8. O-O-O Kc7 9. Bh4 Bc5 10. h3 b5 11. g4 b4 12. Na4 Nxe4 13. Nxc5 Ndxc5 14. f3
g5 15. Be1 Nd6 16. Rxd6 Kxd6 17. Bxb4 a5 18. Ba3 Rb8 19. Bg2 Rb4 20. c3 Rb5 21.
Ng3 Kc7 22. Bf1 Ne6 23. Bxb5 cxb5 24. Be7 Re8 25. Bf6 Nf4 26. Bxg5 Bb7 27. Ne4
Nd3+ 28. Kc2 Bxe4 29. fxe4 Nf2 30. Rf1 Nxh3 31. Rxf7+ Kc6 32. Be3 Nf4 33. Rxh7
Rg8 34. Rh6+ Kd7 35. Bxf4 exf4 36. Rb6 Rxg4 37. Rxb5 Rg2+ 38. Kb3 f3 39. Rxa5
Re2 40. Rf5 f2 41. a4 Kc6 42. a5 Kb7 43. Ka3 Rc2 44. e5 1-0

[Event "XXXI Memorial Edoardo Crespi A"]
[Site "Milano ITA"]
[Date "2010.12.06"]
[Round "3"]
[White "Gikas, Andreas Basilius"]
[Black "Bellia, Fabrizio"]
[WhiteElo "2182"]
[BlackElo "2399"]
[Result "0-1"]
[PlyCount "64"]
[EventDate "2010.12.04"]

1. e4 e5 2. Nf3 Nc6 3. Bc4 Bc5 4. c3 Nf6 5. d4 exd4 6. cxd4 Bb4+ 7. Bd2 Nxe4 8.
Bxf7+ Kxf7 9. Bxb4 d5 10. Ne5+ Nxe5 11. dxe5 Re8 12. Qh5+ Kg8 13. O-O c5 14.
Be1 g6 15. Qe2 c4 16. f3 Nc5 17. Bf2 Nd3 18. Bd4 Bf5 19. Nc3 Nb4 20. Qf2 Nd3
21. Qe3 Nxb2 22. Nxd5 Qxd5 23. Bxb2 b5 24. a3 a5 25. Rfd1 Bd3 26. Bc3 Rab8 27.
Bxa5 Rxe5 28. Qf4 Rf8 29. Qg3 Rg5 30. Qe1 Rxg2+ 31. Kxg2 Qxf3+ 32. Kg1 Be4 0-1

[Event "XXXI Memorial Edoardo Crespi A"]
[Site "Milano ITA"]
[Date "2010.12.06"]
[Round "3"]
[White "Gori, Andrea"]
[Black "D'Alessio, Angelo"]
[WhiteElo "2116"]
[BlackElo "2030"]
[Result "0-1"]
[PlyCount "181"]
[EventDate "2010.12.04"]

1. e4 e5 2. Nf3 Nc6 3. Bb5 a6 4. Ba4 Nf6 5. O-O Be7 6. Bxc6 dxc6 7. d3 Qd6 8.
b3 Bg4 9. Nbd2 Nd7 10. Bb2 f6 11. Nc4 Qe6 12. Ne3 Bh5 13. Ng5 fxg5 14. Qxh5+ g6
15. Qg4 Qf6 16. Rad1 h5 17. Qh3 g4 18. Qg3 Bd6 19. f4 gxf3 20. Rxf3 Qe6 21. Qg5
Be7 22. Qg3 Bd6 23. Rdf1 O-O-O 24. Nc4 Rhg8 25. Qg5 Kb8 26. Kh1 Rde8 27. Qc1
Re7 28. Qa1 h4 29. R1f2 g5 30. Rf5 g4 31. Rf1 Ka8 32. Rh5 h3 33. g3 Ree8 34.
Rff5 Rgf8 35. Qd1 Rg8 36. Qd2 Rg6 37. Qf2 Rg7 38. Qd2 Rg6 39. Qe2 b6 40. Ne3
Reg8 41. Nc4 Re8 42. Bc1 Reg8 43. Bg5 Nf6 44. Bxf6 Rxf6 45. Rxf6 Qxf6 46. Rf5
Qg7 47. Qd2 Kb8 48. c3 Kb7 49. b4 Kb8 50. Kg1 Kb7 51. Kf1 Kb8 52. Ke1 Kb7 53.
Qf2 Rd8 54. Rf7 Qh6 55. Qe3 Qg6 56. Qf2 Qh6 57. Kd1 Bxb4 58. cxb4 Rxd3+ 59. Kc2
Rd4 60. Kb3 Qe6 61. Qf1 b5 62. Rf6 Qxc4+ 63. Qxc4 Rxc4 64. Rg6 Rxe4 65. Kc3
Re3+ 66. Kd2 Ra3 67. Rxg4 Rxa2+ 68. Kc3 Rxh2 69. Rh4 Rh1 70. g4 Rg1 71. Rxh3
Rxg4 72. Rh5 Rc4+ 73. Kb3 c5 74. Rxe5 cxb4 75. Rh5 c6 76. Rg5 a5 77. Rh5 a4+
78. Kb2 Kb6 79. Rg5 a3+ 80. Kb3 Ka5 81. Rg8 Rc3+ 82. Ka2 Rc2+ 83. Kb1 b3 84.
Rg1 c5 85. Ka1 c4 86. Rh1 c3 87. Kb1 Rb2+ 88. Ka1 Ra2+ 89. Kb1 c2+ 90. Kc1 Ra1+
91. Kd2 0-1

[Event "XXXI Memorial Edoardo Crespi A"]
[Site "Milano ITA"]
[Date "2010.12.06"]
[Round "3"]
[White "Herman, Matthew J."]
[Black "Agrifoglio, Fabio"]
[WhiteElo "2149"]
[BlackElo "1999"]
[Result "1-0"]
[PlyCount "33"]
[EventDate "2010.12.04"]

1. e4 e6 2. d4 d5 3. Nd2 dxe4 4. Nxe4 Bd7 5. Nf3 Bc6 6. Bd3 Nd7 7. O-O Ngf6 8.
Neg5 Bd6 9. Re1 O-O 10. Ne5 h6 11. Nh3 Bxe5 12. dxe5 Nh7 13. b4 a6 14. Qh5 f5
15. exf6 Qxf6 16. Rb1 Qf7 17. Bxh7+ 1-0

[Event "XXXI Memorial Edoardo Crespi A"]
[Site "Milano ITA"]
[Date "2010.12.06"]
[Round "3"]
[White "Marinone, Lucio"]
[Black "Mazzariol, Oscar"]
[WhiteElo "2011"]
[BlackElo "2089"]
[Result "1-0"]
[PlyCount "103"]
[EventDate "2010.12.04"]

1. d4 Nf6 2. c4 Nc6 3. Nc3 e6 4. Nf3 Bb4 5. Qc2 d6 6. a3 Bxc3+ 7. Qxc3 a5 8.
Bg5 Qe7 9. e3 h6 10. Bh4 e5 11. d5 Nb8 12. b4 g5 13. Bg3 Ne4 14. Qb2 O-O 15.
Nd2 Nxd2 16. Kxd2 axb4 17. axb4 Rxa1 18. Qxa1 Na6 19. h4 Nxb4 20. hxg5 Qxg5 21.
Be2 c5 22. Bh4 Qg6 23. Be7 Re8 24. Bh4 Qc2+ 25. Ke1 Kg7 26. Qd1 Qg6 27. Kf1 Bf5
28. Qa4 b5 29. cxb5 Bd3 30. Qb3 Bxe2+ 31. Kxe2 Qxg2 32. Qb1 Ra8 33. Rg1 Ra2+
34. Qxa2 Qxg1 35. Qc4 f5 36. Be7 Qg6 37. b6 Qh5+ 38. Kd2 Qe8 39. Bxd6 Qd7 40.
Bxe5+ Kh7 41. d6 Kg6 42. Qxc5 Nc6 43. Qb5 Qb7 44. Bd4 h5 45. Qd5 h4 46. d7 h3
47. Qe6+ Kg5 48. Qf6+ Kg4 49. Qg6+ Kf3 50. Qxf5+ Kg2 51. Qg4+ Kxf2 52. d8=Q 1-0

[Event "XXXI Memorial Edoardo Crespi A"]
[Site "Milano ITA"]
[Date "2010.12.06"]
[Round "3"]
[White "Massironi, Marco"]
[Black "Damia, Angelo"]
[WhiteElo "2185"]
[BlackElo "2302"]
[Result "0-1"]
[PlyCount "62"]
[EventDate "2010.12.04"]

1. e4 Nf6 2. Nc3 d5 3. e5 d4 4. exf6 dxc3 5. fxg7 cxd2+ 6. Bxd2 Bxg7 7. Qf3 Qd6
8. Bc3 Rg8 9. Bc4 Bxc3+ 10. Qxc3 Nc6 11. Ne2 Bf5 12. Ng3 Bg6 13. O-O O-O-O 14.
Rfe1 e6 15. Bb3 h5 16. Ne4 Bxe4 17. Rxe4 Nd4 18. Qe3 Rg4 19. Rxg4 hxg4 20. c3
Rh8 21. Qxd4 Qxh2+ 22. Kf1 Rd8 23. Qxd8+ Kxd8 24. Rd1+ Ke7 25. g3 a5 26. Rd4
Qh1+ 27. Ke2 Qb1 28. Rxg4 Qxb2+ 29. Kf1 Qxc3 30. Rc4 Qa1+ 31. Kg2 Qe5 0-1

[Event "XXXI Memorial Edoardo Crespi A"]
[Site "Milano ITA"]
[Date "2010.12.06"]
[Round "3"]
[White "Mertens, Heiko"]
[Black "Salmoiraghi, Angelo"]
[WhiteElo "2320"]
[BlackElo "2139"]
[Result "1-0"]
[PlyCount "89"]
[EventDate "2010.12.04"]

1. d4 Nf6 2. Nf3 e6 3. Bg5 h6 4. Bxf6 Qxf6 5. e4 d5 6. Nbd2 c5 7. exd5 exd5 8.
Bb5+ Bd7 9. Qe2+ Qe6 10. Ne5 Nc6 11. Ndf3 Bd6 12. Nxd7 Qxe2+ 13. Bxe2 Kxd7 14.
dxc5 Bxc5 15. Rd1 d4 16. O-O Rad8 17. Bc4 f6 18. Rfe1 Rhe8 19. Rxe8 Kxe8 20.
Bb5 Kf7 21. Bxc6 bxc6 22. Kf1 Bb6 23. Ke2 Ke6 24. Kd3 Kd5 25. Re1 Rd7 26. Re4
c5 27. Nd2 Bc7 28. h3 Bd8 29. Re8 Ba5 30. Nc4 Bc7 31. b3 Bd6 32. a4 Bc7 33. Nd2
Bd6 34. Nc4 Bc7 35. a5 Kc6 36. Re6+ Kb5 37. a6 Bb6 38. Nd6+ Kxa6 39. Kc4 Rc7
40. f3 Rc6 41. Kd5 Rc7 42. Re1 Ka5 43. Kc4 Ka6 44. Ra1+ Ba5 45. Kd3 1-0

[Event "XXXI Memorial Edoardo Crespi A"]
[Site "Milano ITA"]
[Date "2010.12.06"]
[Round "3"]
[White "Nicolo', Filippo"]
[Black "Cazzaniga, Walter"]
[WhiteElo "2060"]
[BlackElo "2116"]
[Result "1/2-1/2"]
[PlyCount "37"]
[EventDate "2010.12.04"]

1. e4 e6 2. d4 d5 3. Nc3 Bb4 4. exd5 exd5 5. Bd3 Nf6 6. Bg5 c6 7. Nge2 O-O 8.
O-O Be7 9. Ng3 h6 10. Bf4 Bg4 11. Qd2 Re8 12. h3 Be6 13. Rae1 Nbd7 14. Nf5 Bxf5
15. Bxf5 Nf8 16. Ne2 Bd6 17. Ng3 Qc7 18. Bxd6 Qxd6 19. c3 1/2-1/2

[Event "XXXI Memorial Edoardo Crespi A"]
[Site "Milano ITA"]
[Date "2010.12.06"]
[Round "3"]
[White "Ricci, Marco"]
[Black "Paleologu, Vladimir"]
[WhiteElo "2061"]
[BlackElo "2193"]
[Result "0-1"]
[PlyCount "88"]
[EventDate "2010.12.04"]

1. e4 d6 2. d4 Nf6 3. Nc3 Nbd7 4. f4 e5 5. Nf3 exd4 6. Nxd4 g6 7. Be2 Bg7 8.
O-O O-O 9. Bf3 Re8 10. Re1 c6 11. Be3 Nb6 12. Bf2 Nc4 13. b3 Qa5 14. Qd3 Nb6
15. a3 Ng4 16. Bxg4 Bxg4 17. h3 Bd7 18. g4 c5 19. Nde2 Rac8 20. Reb1 Na8 21. b4
cxb4 22. axb4 Qc7 23. Bd4 Be6 24. Bxg7 Kxg7 25. Qd4+ Kg8 26. Rxa7 Qe7 27. Ng3
Rc4 28. Nd5 Bxd5 29. Qxd5 Rxc2 30. Rxb7 Nc7 31. Qd3 Ra2 32. Qc4 Qh4 33. Qxa2
Qxg3+ 34. Qg2 Qe3+ 35. Kh1 Ne6 36. Rf1 Rc8 37. Qf3 Qd2 38. Rf2 Rc1+ 39. Kg2 Qe1
40. Kg3 Rc3 41. Qxc3 Qxc3+ 42. Rf3 Qe1+ 43. Rf2 Nxf4 44. b5 g5 0-1

[Event "XXXI Memorial Edoardo Crespi A"]
[Site "Milano ITA"]
[Date "2010.12.06"]
[Round "3"]
[White "Salvador, Roland"]
[Black "Tonndorf, Matthias"]
[WhiteElo "2527"]
[BlackElo "2169"]
[Result "1-0"]
[PlyCount "59"]
[EventDate "2010.12.04"]

1. d4 g6 2. c4 Bg7 3. Nc3 d6 4. g3 c6 5. Bg2 Qb6 6. e3 Nf6 7. Nge2 h5 8. h3 Qa6
9. b3 Qa5 10. a3 Qc7 11. b4 Nbd7 12. e4 a6 13. f4 e5 14. c5 dxc5 15. fxe5 Nh7
16. bxc5 b6 17. cxb6 Qxb6 18. Rb1 Qa7 19. Qa4 c5 20. Be3 O-O 21. Nd5 Rb8 22.
O-O Nb6 23. Qc6 Nc4 24. Rxb8 Qxb8 25. Bc1 Qa7 26. Nef4 Bd7 27. Ne7+ Kh8 28.
Nfxg6+ fxg6 29. Nxg6+ Kg8 30. Qd5+ 1-0

[Event "XXXI Memorial Edoardo Crespi A"]
[Site "Milano ITA"]
[Date "2010.12.06"]
[Round "3"]
[White "Sbarra, Marco"]
[Black "Melotti, Dario"]
[WhiteElo "2312"]
[BlackElo "2087"]
[Result "1-0"]
[PlyCount "59"]
[EventDate "2010.12.04"]

1. d4 Nf6 2. c4 g6 3. Nc3 Bg7 4. e4 d6 5. Nf3 O-O 6. Be2 e5 7. d5 a5 8. Bg5 h6
9. Bh4 Na6 10. Nd2 Qe8 11. O-O Nh7 12. f3 f5 13. a3 Bd7 14. b3 h5 15. Rb1 Nc5
16. Qc2 Bh6 17. b4 axb4 18. axb4 Na4 19. Nxa4 Bxa4 20. Qc3 Bd7 21. exf5 gxf5
22. c5 Qg6 23. Ra1 Rxa1 24. Rxa1 e4 25. Ra7 Bc8 26. Nc4 f4 27. fxe4 f3 28. Bxf3
Bg4 29. Bxg4 Qxg4 30. Qg3 1-0

[Event "XXXI Memorial Edoardo Crespi A"]
[Site "Milano ITA"]
[Date "2010.12.06"]
[Round "3"]
[White "Solodovnichenko, Yuri"]
[Black "Manca, Federico"]
[WhiteElo "2563"]
[BlackElo "2405"]
[Result "1-0"]
[PlyCount "133"]
[EventDate "2010.12.04"]

1. e4 e5 2. Nf3 Nc6 3. Bb5 a6 4. Ba4 Nf6 5. O-O Be7 6. Re1 b5 7. Bb3 d6 8. c3
O-O 9. h3 Na5 10. Bc2 c5 11. d4 Qc7 12. Nbd2 Bd7 13. Nf1 Nc4 14. b3 Nb6 15. Ne3
c4 16. Ba3 Rfe8 17. bxc4 Nxc4 18. Nxc4 bxc4 19. Rb1 Bf8 20. d5 Rab8 21. Qe2 Nh5
22. Nd2 Rxb1 23. Bxb1 Nf4 24. Qxc4 Qd8 25. Qf1 Nxh3+ 26. gxh3 Qg5+ 27. Kh2 Qf4+
28. Kg2 Qg5+ 29. Kh2 Qf4+ 30. Kh1 Qxd2 31. Re3 Rb8 32. Kg2 Bb5 33. Qg1 Be2 34.
Bc1 Qd1 35. Qxd1 Bxd1 36. Bd3 a5 37. c4 Be7 38. Re1 Ba4 39. Be3 Bd7 40. Rc1 g6
41. f4 Rb2+ 42. Rc2 Rxc2+ 43. Bxc2 f6 44. fxe5 fxe5 45. Bb6 a4 46. Bc7 Kf7 47.
c5 dxc5 48. Bxe5 c4 49. Bc3 Ba3 50. e5 Bf5 51. Bd1 h5 52. Bf3 Bc1 53. e6+ Ke7
54. Bb4+ Kf6 55. e7 Bd7 56. d6 Bb2 57. Be2 c3 58. Bd1 Kf7 59. h4 Ke8 60. Bc2
Kf7 61. Kf3 Kf6 62. Ke4 Kf7 63. Kd4 Bf5 64. Kc4 Be6+ 65. Kc5 Bd7 66. Kb6 a3 67.
Kc7 1-0

[Event "XXXI Memorial Edoardo Crespi A"]
[Site "Milano ITA"]
[Date "2010.12.06"]
[Round "3"]
[White "Tesic, Dragan"]
[Black "Loehnhardt, Benjamin"]
[WhiteElo "2403"]
[BlackElo "2042"]
[Result "1-0"]
[PlyCount "43"]
[EventDate "2010.12.04"]

1. d4 e6 2. c4 b6 3. Nc3 Bb7 4. a3 d6 5. e4 c5 6. d5 e5 7. f4 Nd7 8. Nf3 f6 9.
g3 g6 10. Bh3 Bh6 11. O-O Bc8 12. Qa4 Ke7 13. Be6 Nf8 14. Bxg8 Rxg8 15. fxe5
Bxc1 16. exd6+ Qxd6 17. Raxc1 Bd7 18. Qc2 Re8 19. e5 fxe5 20. Nxe5 Bf5 21. Qd2
Nd7 22. Nc6+ 1-0

[Event "XXXI Memorial Edoardo Crespi A"]
[Site "Milano ITA"]
[Date "2010.12.06"]
[Round "3"]
[White "Tramalloni, Luca"]
[Black "Pedroni, Marco"]
[WhiteElo "2144"]
[BlackElo "1989"]
[Result "1-0"]
[PlyCount "61"]
[EventDate "2010.12.04"]

1. d4 d5 2. Nf3 Nf6 3. c4 e6 4. g3 g6 5. Bg2 Bg7 6. O-O O-O 7. Nbd2 c6 8. Qc2
Nbd7 9. Rd1 Qe7 10. b3 Re8 11. Bb2 Nh5 12. e4 dxe4 13. Nxe4 b6 14. c5 bxc5 15.
dxc5 Bxb2 16. Qxb2 e5 17. Nd6 Rd8 18. b4 Rb8 19. Qc3 Nhf6 20. Ng5 Nd5 21. Rxd5
Qxg5 22. Rdd1 Nf6 23. Bxc6 Qg4 24. a3 Bb7 25. f3 Qg5 26. Bxb7 Rxd6 27. cxd6 e4
28. Bxe4 Nh5 29. Kg2 Nf4+ 30. Kg1 Nh5 31. d7 1-0

[Event "XXXI Memorial Edoardo Crespi A"]
[Site "Milano ITA"]
[Date "2010.12.06"]
[Round "3"]
[White "Virzi, Ettore"]
[Black "Salami, Marco"]
[WhiteElo "2000"]
[BlackElo "2203"]
[Result "0-1"]
[PlyCount "48"]
[EventDate "2010.12.04"]

1. e4 e6 2. d4 d5 3. Nc3 Nf6 4. e5 Nfd7 5. f4 c5 6. Nf3 Nc6 7. Be3 Be7 8. Qd2
O-O 9. O-O-O c4 10. f5 b5 11. f6 gxf6 12. Bh6 fxe5 13. Qe1 Kh8 14. Bxf8 Qxf8
15. Nxe5 Ndxe5 16. dxe5 b4 17. Nb5 Qg7 18. Nd6 Bxd6 19. exd6 Bd7 20. g3 a5 21.
Bg2 a4 22. c3 a3 23. Rf1 axb2+ 24. Kb1 bxc3 0-1

[Event "XXXI Memorial Edoardo Crespi A"]
[Site "Milano ITA"]
[Date "2010.12.06"]
[Round "3"]
[White "Zanetti, Alberto"]
[Black "Marin, Mihail"]
[WhiteElo "2199"]
[BlackElo "2562"]
[Result "1/2-1/2"]
[PlyCount "81"]
[EventDate "2010.12.04"]

1. d4 f5 2. e4 fxe4 3. Nc3 Nf6 4. Bg5 Nc6 5. d5 Ne5 6. Qd4 Nf7 7. Bxf6 exf6 8.
Nxe4 Be7 9. O-O-O O-O 10. g4 d6 11. h3 f5 12. gxf5 Bxf5 13. Nf3 Bxe4 14. Qxe4
Ng5 15. Nxg5 Bxg5+ 16. Kb1 Qe8 17. Qg2 Qe5 18. Bd3 Rae8 19. f3 Rf4 20. Be4 Bh4
21. c3 b5 22. Qc2 g6 23. Rhg1 Bf6 24. Rg4 Rxg4 25. hxg4 Rb8 26. Qd2 a5 27. a3
Bg5 28. Qd4 Qxd4 29. Rxd4 Bf6 30. Rd3 Be5 31. b4 Kg7 32. Kc2 Kf6 33. Rd1 Kg5
34. Rh1 h5 35. gxh5 gxh5 36. Rg1+ Kf4 37. bxa5 Ra8 38. Kb3 Rxa5 39. Rh1 Kg5 40.
Rg1+ Kf4 41. Rh1 1/2-1/2

[Event "XXXI Memorial Edoardo Crespi A"]
[Site "Milano ITA"]
[Date "2010.12.07"]
[Round "4"]
[White "Agrifoglio, Fabio"]
[Black "Facchetti, Gianni"]
[WhiteElo "1999"]
[BlackElo "2154"]
[Result "1/2-1/2"]
[PlyCount "153"]
[EventDate "2010.12.04"]

1. d4 Nf6 2. c4 e5 3. dxe5 Ng4 4. Bf4 Nc6 5. Nf3 Bb4+ 6. Nbd2 Qe7 7. a3 Ncxe5
8. Nxe5 Nxe5 9. e3 Bxd2+ 10. Qxd2 d6 11. Qc3 f6 12. Be2 a5 13. O-O a4 14. Rac1
Nd7 15. Bg4 Nc5 16. Bxc8 Rxc8 17. f3 O-O 18. e4 b6 19. Rcd1 Rfe8 20. Rd5 Qf7
21. Rfd1 Re6 22. Be3 Qe8 23. Bf2 Qc6 24. Qb4 Rce8 25. Bg3 Ra8 26. Bf4 Ra5 27.
Qc3 Nb7 28. Qd3 Rc5 29. Rxc5 bxc5 30. Bd2 Nd8 31. Bc3 Nf7 32. Qd5 Qxd5 33. cxd5
Re8 34. Ba5 Rb8 35. Rd2 Rb7 36. f4 Kf8 37. Kf2 Ke7 38. g4 g5 39. Bc3 gxf4 40.
Kf3 Rb8 41. Kxf4 Ne5 42. Bxe5 fxe5+ 43. Kg5 Kf7 44. Kh6 Kg8 45. h4 Rf8 46. Rc2
Rf6+ 47. Kh5 Kg7 48. g5 Rf8 49. Rc4 Ra8 50. Kg4 h6 51. Kf5 hxg5 52. hxg5 Kf7
53. g6+ Kg7 54. Kg5 Rb8 55. Rxa4 Rxb2 56. Kf5 Rf2+ 57. Ke6 Kxg6 58. Kd7 Rf7+
59. Kc6 Kg5 60. Rc4 Kf4 61. a4 Ke3 62. a5 Kd3 63. Ra4 c4 64. a6 c3 65. a7 c2
66. Ra1 Rf8 67. Kb7 Kxe4 68. a8=Q Rxa8 69. Kxa8 Kxd5 70. Rc1 e4 71. Rxc2 c5 72.
Kb7 Ke5 73. Kc7 e3 74. Rc1 Kd4 75. Kxd6 e2 76. Re1 Kd3 77. Kxc5 1/2-1/2